Németország
Elmentve itt :
| Szerző: | |
|---|---|
| Dokumentumtípus: | Cikk |
| Megjelent: |
1933
|
| Sorozat: | Polgári jog : a hazai és külföldi magánjog és hiteljog szemléje
9 |
| Kulcsszavak: | Ügyvédség német |
| Online Access: | http://misc.bibl.u-szeged.hu/15520 |
| LEADER | 00575nab a2200169 i 4500 | ||
|---|---|---|---|
| 001 | misc15520 | ||
| 005 | 20191106142352.0 | ||
| 008 | 170607s1933 hu o 0|| hun d | ||
| 040 | |a SZTE Miscellanea Repozitórium |b hun | ||
| 041 | |a hun | ||
| 100 | 1 | |a Brozik Bódog | |
| 245 | 1 | 0 | |a Németország |h [elektronikus dokumentum] / |c Brozik Bódog |
| 260 | |c 1933 | ||
| 300 | |a 67a | ||
| 490 | 0 | |a Polgári jog : a hazai és külföldi magánjog és hiteljog szemléje |v 9 | |
| 695 | |a Ügyvédség német | ||
| 856 | 4 | 0 | |u http://misc.bibl.u-szeged.hu/15520/1/polgari_jog_1933_067a.pdf |z Dokumentum-elérés |